000 00402nam a2200157 i 4500
001 bg
100 1 _aZAPART, Wiesława
245 0 _aNorton Commander wersja 3.00 /
_cW. Zapart.
260 _aWarszawa,
_c1992.
490 1 _aPodręczna Pamięć Programisty
830 _aPodręczna Pamięć Programisty
040 _cBPK
041 _apol
942 _cKS
008 s pl f |000 0 pol
999 _c5376
_d5376
856 _uhttp://koha.tu.koszalin.pl/cgi-bin/koha/opac-detail.pl?biblionumber=5376
_yKatalog online BPK